<?xml version="1.0" encoding="UTF-8"?>
<collection xmlns="http://www.loc.gov/MARC21/slim">
  <record>
    <leader>00000nam  2200000   4500</leader>
    <controlfield tag="001">INLIS000000000056480</controlfield>
    <controlfield tag="005">20200908070701</controlfield>
    <datafield tag="035" ind1="#" ind2="#">
      <subfield code="a">0010-0920000111</subfield>
    </datafield>
    <controlfield tag="007">ta</controlfield>
    <controlfield tag="008">200908###########################0#eng##</controlfield>
    <datafield tag="082" ind1="#" ind2="#">
      <subfield code="a">929.7</subfield>
    </datafield>
    <datafield tag="084" ind1="#" ind2="#">
      <subfield code="a">929.7 Bol a</subfield>
    </datafield>
    <datafield tag="245" ind1="1" ind2="#">
      <subfield code="a">A Century Of British Monarchy /</subfield>
      <subfield code="c">Hector Bolitho</subfield>
    </datafield>
    <datafield tag="300" ind1="#" ind2="#">
      <subfield code="a">283 halaman :</subfield>
      <subfield code="b">Ilustrasi ;</subfield>
      <subfield code="c">23 Cm.</subfield>
    </datafield>
    <datafield tag="650" ind1="#" ind2="4">
      <subfield code="a">Inggris Raja</subfield>
    </datafield>
    <datafield tag="264" ind1="#" ind2="#">
      <subfield code="a">London :</subfield>
      <subfield code="b">Longmans Green and Co,</subfield>
      <subfield code="c">1953</subfield>
    </datafield>
    <datafield tag="336" ind1="#" ind2="#">
      <subfield code="a">teks</subfield>
      <subfield code="2">rdacontent</subfield>
    </datafield>
    <datafield tag="337" ind1="#" ind2="#">
      <subfield code="a">lain-lain</subfield>
      <subfield code="2">rdamedia</subfield>
    </datafield>
    <datafield tag="338" ind1="#" ind2="#">
      <subfield code="a">lain-lain</subfield>
      <subfield code="2">rdacarrier</subfield>
    </datafield>
    <datafield tag="990" ind1="#" ind2="#">
      <subfield code="a">1256212562</subfield>
    </datafield>
  </record>
</collection>
